| 000 | 00776nam a22002297a 4500 | ||
|---|---|---|---|
| 999 |
_c978 _d978 |
||
| 003 | AR-CdUCM | ||
| 008 | 190226b ||||| |||| 00| 0 spa d | ||
| 040 |
_aMUNICIPALIDAD PROVINCIAL DEL CUSCO _cBIBLIOTECA MUNICIPAL DEL CUSCO |
||
| 082 |
_a947 / _bSO65 |
||
| 100 |
_aSoglian, Franco _93817 |
||
| 245 | _aLa Revolución Rusa / | ||
| 260 |
_aEspaña : _bBruguera, S. A. ; _c1970. |
||
| 300 |
_a326 páginas _c17cm |
||
| 505 | _aLa Rusia de los Zares -- Revuleta, reacción y guerra -- La Revolución de Febrero -- El régimen provisional -- La Revolución de Octubre | ||
| 650 |
_arevolución _93779 |
||
| 650 |
_aRusia _9499 |
||
| 650 |
_aguerra _91007 |
||
| 650 |
_acaos económico _93818 |
||
| 650 |
_agobierno _93819 |
||
| 942 |
_2ddc _cLIBROS |
||
| 945 |
_anom _d2019-02-26 |
||